000 01509nam a2200217Ia 4500
003 Ost
005 20260507075346.0
008 260507s9999||||xx |||||||||||||| ||und||
020 _a72434109779
040 _cfsecg
041 _aara
082 _a330
100 _aعبد السلام، رضا
_eمؤلف
245 0 _aالعلاقات الإقتصادية الدولية :
_bفي ظلال الأزمة الإقتصادية العالمية /
_c رضا عبد السلام
260 _aالمنصورة:
_bالمكتبة العصرية للنشر والتوزيع,
_c2011
300 _a297 صفحة؛
_bجداول، منحنيات بيانية
_c24 سم
520 _aتطور النظرة للعلاقات الإقتصادية الدولية- النظريات المفسرة للعلاقات الإقتصادية الدولية- السياسات التجارية ومستقبلها في ظل الأزمة العالمية الراهنة-سعر الصرف ومعيار الدولار- ميزان المدفوعات- الآليات الحاكمة للعلاقات الإقتصادية الدولية- الإتحادات الإقتصادية الإقليمية- الشركات الدولية والعولمة- الأزمة الإقتصادية العالمية الراهنة، الجذور والتبعات وتصورات الإقتصاد ما بعد الأزمة
653 _aالأزمات الإقتصادية
653 _aالعلاقات الإقتصادية الدولية
942 _cكتاب
999 _c44116
_d44116